Causa ambiental : la revista de la asociación ambientalista del sur
Guardado en:
| Formato: | Libro |
|---|---|
| Publicado: |
Bahía Blanca :
Asociación Ambientalista del Sur,
2013
|
| Materias: | |
| Etiquetas: |
Agregar Etiqueta
Sin Etiquetas, Sea el primero en etiquetar este registro!
|
| LEADER | 01165nam a22002175a 4500 | ||
|---|---|---|---|
| 001 | CEM.cems018311 | ||
| 005 | 20140526123624.0 | ||
| 008 | 130507s2013##################000#0#####d | ||
| 003 | CEMS | ||
| 082 | 0 | 4 | |a FC574.5 |
| 245 | 0 | 0 | |a Causa ambiental : |b la revista de la asociación ambientalista del sur |
| 260 | |a Bahía Blanca : |b Asociación Ambientalista del Sur, |c 2013 | ||
| 300 | |a 26 p. | ||
| 500 | |a Publicación destinada al tratamiento del medio ambiente y los recursos naturales | ||
| 505 | 0 | |a Las causas profundas de los terremotos asiáticos -- Determinar la calidad del aire en el microcentro de Bahía Blanca -- Episodios de alta contaminación y muerte : ocurridos en Londres -- Micropartículas en el aire : riesgo para la salud -- Monóxido de Carbono -- La productividad de los océanos -- Las antenas de telefonía movil : una situación no resuelta -- Principios de riesgos existentes y riesgos manejados Chon R. SHOAF (EPA) | |
| 653 | |a Medio ambiente | ||
| 653 | |a Riesgo ambiental | ||
| 653 | |a Recursos naturales | ||
| 653 | |a Contaminación | ||
| 653 | |a Bahía blanca-contaminación | ||
| 859 | |a CEMS |b BIB. CEMS - Agricultura |h FC574.5 |i C312 |p A0104.44 |t Ej.1 | ||
